00505nam a2200217Ia 4500003000400000005001700004008004000021020001500061040000700076041000800083082001700091100001700108245004700125260002800172300001400200650001100214650001400225650001400239650001700253700001700270OSt20250728133810.0210210b2008 xxu||||| |||| 00| 0 eng d a0415282594 cAL aeng a808.003 HERR aDavid Herman aRoutledge encyclopedia of narrative theory aLondonbRoutledgec2008 axxix,718p atheory aRoutledge anarrative aencyclopedia aManfred Jahn